000 01683nam a2200301 4500
003 EC-UNACH
005 20251024150317.0
006 s||||gr|||| 00| 00
008 150116t9999 mx r gr 000 0 spa d
020 _a978-9978-86-896-6
040 _aEC-UNACH
_cEC-UNACH
041 _aspa
082 0 4 _223
_a345
_bL017877
110 _aTalleres de la CEP
245 _aDerecho penal económico los delitos socioeconómicos en la legislación ecuatoriana
250 _aPrimera edición
264 _aEcuador
_bTalleres de la CEP
_c2010
300 _a343
505 _a- - Sección Primera Parte general del derecho penal económico Capitulo 1- Generalidades y fundamentos del derecho penal económico Capitulo 2- Teoría de la ley penal y económica el delito económico Capitulo 3- Teoría de la ley penal económica la teoría de la pena Capitulo 4- Dificultades procesales y probatorias medios de prevención y represión de los delitos contra la economía.- - Sección segunda Parte especial del derecho penal económico ecuatoriano Capitulo 1- El delito de pánico económico Capitulo 2- Los delitos contra la administración publica Capitulo 3- El delito de blanqueo de capitales o lavado de activos Capitulo 4- Los delitos financieros y de los valores Capitulo 5- Delitos contra el físico o contra la hacienda publica .
650 _aEl derecho penal nuclear
650 _aCaracterísticas del delito penal económico
650 _aElementos del tipo del delito de pánico económico
700 _aM. Paulina Araujo Granda
942 _2ddc
_c1
999 _c14084